Traduction en Anglais - Thème Vêtements & Accessoires - Statistiques

Statistiques générales
  • Ce quiz a été pris 83 fois
    66 depuis la dernière actualisation
  • Le résultat moyen est 27 sur 109
Statistiques - réponses
Français Anglais % Correct
Bague Ring
86%
Lunettes Glasses
69%
Bottes Boots
66%
Robe Dress
66%
Chaussures Shoes
66%
Jean Jeans
62%
Jupe Skirt
62%
Chaussettes Socks
62%
Chapeau Hat
59%
Lunettes de soleil Sunglasses
59%
Pantalon Trousers / Pants
59%
Écharpe Scarf
55%
Cravate Tie
55%
T-shirt T-shirt
55%
Gants Gloves
52%
Sac à main Handbag
52%
Baskets Sneakers
52%
Ceinture Belt
48%
Veste Jacket
48%
Chemise Shirt
48%
Parapluie Umbrella
48%
Boucles d'oreilles Earrings
45%
Collier Necklace
45%
Montre Watch
45%
Blazer Blazer
41%
Soutien-gorge Bra
41%
Bracelet Bracelet
41%
Casquette Cap
41%
Sous-vêtements Underwear
41%
Blouse Blouse
38%
Cardigan Cardigan
38%
Coton Cotton
38%
Costume Suit
38%
Pull Sweater
38%
Béret Beret
34%
Manteau Coat
34%
Bandeau Headband
34%
Talons Heels
34%
Cuir Leather
34%
Short Shorts
34%
Maillot de bain Swimsuit
34%
Haut Top
34%
Sac à dos Backpack
28%
Bonnet Beanie
28%
Sweat Sweatshirt
28%
Manteau d'hiver Winter coat
28%
Sweat à capuche Hoodie
24%
Legging Leggings
24%
Polyester Polyester
24%
Pantoufles Slippers
24%
Nylon Nylon
21%
Culotte Panties / Knickers
21%
Débardeur Tank top
21%
Laine Wool
21%
Bijoux Jewelery
17%
Collant Pantyhose / Tights
17%
Sandales Sandals
17%
Satin Satin
17%
Soie Silk
17%
Manches Sleeve
17%
Chaussures de sport Sports shoes
17%
Tongs Flip-flops
14%
Porte-clés Keychain
14%
Lin Linen
14%
Pyjama Pajamas
14%
Portefeuille Wallet
14%
Nœud papillon Bow tie
10%
Taille haute High-waisted
10%
Dentelle Lace
10%
Pendentif Pendant
10%
Daim Suede
10%
Survêtement Tracksuit
10%
Smoking Tuxedo
10%
Velours Velvet
10%
Gilet Vest
10%
Bottines Ankle boots
7%
Bermuda Bermuda shorts
7%
Bavoir Bib
7%
Boxer Boxer shorts
7%
Broche Brooch
7%
Cachemire Cashmere
7%
Épingles à cheveux Hairpins
7%
Taille basse Low-rise
7%
Manteau imperméable Raincoat
7%
Élastique (à cheveux) Rubber band
7%
Bas Stockings
7%
Foulard Headscarf
3%
Combinaison Jumpsuit
3%
Housse pour ordinateur Laptop case
3%
Mocassins Loafers
3%
Mitaines Mittens
3%
Gilet de sécurité Safety vest
3%
Cartable Satchel
3%
Rayé Striped
3%
Sur mesure Tailored
3%
Coupe-vent Windbreaker
3%
Peignoir Bathrobe
0%
Moulant Bodycon
0%
Slip Briefs
0%
Robe de chambre Dressing gown
0%
Espadrilles Espadrilles
0%
Polaire Fleece
0%
Serre-tête Hairband
0%
Chaussures de randonnée Hiking boots
0%
Salopette Overalls
0%
Doudoune Puffer jacket
0%
Coupe ajustée Slim fit
0%
Bretelles Suspenders
0%
Trousse de toilette Toiletry bag
0%
Aucun quiz correspondant
Distribution des résultats
% des personnes avec chaque résultat
Percentile par nombre de réponses
Votre historique - résultats
Vous n’avez pas pris ce quiz depuis la dernière actualisation